| 000 | 01343nam0a22003131 4500 | ||
|---|---|---|---|
| 001 | rc\3635168 | ||
| 005 | 20260407102520.0 | ||
| 021 |
_aRU _b74-87937 |
||
| 021 |
_aRU _bРг13024-74 |
||
| 035 | _a(NLR Aleph) 007725730 | ||
| 090 |
_a7000663 _c7000663 |
||
| 100 | _a20130115d1974 |||y0rusy50 ca | ||
| 101 | 0 | _arus | |
| 102 | _aRU | ||
| 105 | _aa z ||||| | ||
| 200 | 1 |
_aМетодические рекомендации по вопросам обработки и использования спутниковой ледовой информации _fГл. упр. гидрометеорол. службы при Совете Министров СССР. Аркт. и Антаркт. науч.-исслед. ин-т (ААНИИ) |
|
| 210 |
_aЛенинград _cБ. и. _d1974 |
||
| 215 |
_a35 с. _cил. _d18 |
||
| 300 | _aНа обороте тит. л. авт.: А.В. Бушуев и Ю.Р. Новиков | ||
| 320 | _aБиблиогр.: с. 35 | ||
| 701 | 1 |
_aНовиков _bЮ.Р. |
|
| 701 | 1 |
_aБушуев _bА.В. _gАндрей Васильевич |
|
| 712 | 0 | 2 |
_4570 _aАрктический и антарктический НИИ _cЛенинград _3RU\NLR\AUTH\889930530 _9356599 |
| 801 | 0 |
_aRU _bNLR _gpsbo |
|
| 801 | 1 |
_aRU _bELAR _2rusmarc |
|
| 852 |
_aNLR _j74-4/25687 |
||
| 942 | _cBOOK | ||
| 980 | _aNB | ||